000 00804nam a2200265Ia 4500
003 OSt
005 20220923211017.0
006 a|||||r|||| 00| 0
007 ta
008 220922b |||||||| |||| 00| 0 hin d
020 _a8170554489 (hbk)
024 _a193,384
037 _cTextual
040 _aARTS
_cARTS
_bhin
041 _2hin
_ahin
082 _aO152,1N54x, N9
100 _aकमल, अरुण
_9157120
245 0 _aनये इलाके में
246 _aNaye ilāke mean
260 _aनयी दिल्ली
_b वाणी प्रकाशन
_c1999
300 _a96 पृ.
_ccm.
650 _aहिन्दी साहित्य
_9156264
942 _hO152,1N54x, N9
_cTEXL
_2CC
999 _c293879
_d293879